Southville International School and Colleges
Your cart is empty.
  • Cart
  • Lists
    Public lists Eva Luna New books Lux_list list_1
    Your lists Log in to create your own lists
  • Log in to your account
  • Your cookies
  • Search history
Southville International School and Colleges
  • Advanced search
  • Recent comments
  • Most popular
  • Libraries

Log in to your account

Log in with GOOGLE


If you do not have an external account, but do have a local account, you can still log in:

  1. Home
  2. MARC view: How to win friends & influence people
Normal view MARC view ISBD view

How to win friends & influence people (Record no. 15899)

[ view plain ]
MARC details
000 -LEADER
fixed length control field 00534nam a22001937a 4500
003 - CONTROL NUMBER IDENTIFIER
control field OSt
005 - DATE AND TIME OF LATEST TRANSACTION
control field 20250717121127.0
008 - FIXED-LENGTH DATA ELEMENTS--GENERAL INFORMATION
fixed length control field 130208t xxu||||| |||| 00| 0 eng d
020 ## - INTERNATIONAL STANDARD BOOK NUMBER
International Standard Book Number 9781439199190
050 ## - LIBRARY OF CONGRESS CALL NUMBER
Classification number HF 5386
Item number .C37 2010
100 ## - MAIN ENTRY--PERSONAL NAME
Personal name Carnegie, Dale
Relator term author
245 ## - TITLE STATEMENT
Title How to win friends & influence people
Statement of responsibility, etc Dale Carnegie
260 ## - PUBLICATION, DISTRIBUTION, ETC. (IMPRINT)
Place of publication, distribution, etc New York:
Name of publisher, distributor, etc Simon & Schuster, Inc.
Date of publication, distribution, etc 2010
300 ## - PHYSICAL DESCRIPTION
Extent xxv, 276 pages ;
Dimensions 18cm.
562 ## - COPY AND VERSION IDENTIFICATION NOTE
Number of copies 1
650 ## - SUBJECT ADDED ENTRY--TOPICAL TERM
Topical term or geographic name as entry element Business communication.
942 ## - ADDED ENTRY ELEMENTS (KOHA)
Source of classification or shelving scheme Library of Congress Classification
Koha item type Books
Call number prefix Foreign
Holdings
Withdrawn status Lost status Source of classification or shelving scheme Damaged status Home library Current library Shelving location Date acquired Source of acquisition Sub Shelving location Total Checkouts Full call number Barcode Date last seen Price effective from Koha item type
    Library of Congress Classification   College Library College Library General Circulation Section 07/17/2013 Donation     HF 5386 .C37 2010 C1552 07/17/2025 07/17/2025 Books

How to win friends & influence people

APA

Carnegie D., . (2010). How to win friends & influence people. New York: Simon & Schuster, Inc.

Chicago

Carnegie Dale, . 2010. How to win friends & influence people. New York: Simon & Schuster, Inc.

Harvard

Carnegie D., . (2010). How to win friends & influence people. New York: Simon & Schuster, Inc.

MLA

Carnegie Dale, . How to win friends & influence people. New York: Simon & Schuster, Inc. 2010.

  • Place hold
  • Print
  • Cite
  • Add to your cart (remove)
  • Save record
    BIBTEX Dublin Core MARCXML MARC (non-Unicode/MARC-8) MARC (Unicode/UTF-8) MARC (Unicode/UTF-8, Standard) MODS (XML) RIS
  • More searches
    Search for this title in:
    Other Libraries (WorldCat) Other Databases (Google Scholar) Online Stores (Bookfinder.com) Open Library (openlibrary.org)

Exporting to Dublin Core...

SOUTHVILLE LIBRARY

Southville International School and Colleges Library

1281 Tropical Ave. Cor. Luxembourg St., BF Homes International, Las Pinas City

Tel. No. 8256374 / 252358 Loc. 117/146

Powered by Koha